| 000 | 01294nam a22002177a 4500 | ||
|---|---|---|---|
| 999 |
_c56922 _d56922 |
||
| 003 | Ge_BSU | ||
| 005 | 20190620194701.0 | ||
| 008 | 190620b2018 ge ||||| |||| 00| 0 geo d | ||
| 020 | _a22333541 | ||
| 041 | _ageo | ||
| 080 | _a930.25(479.223) ა-86 | ||
| 245 |
_aარხეიონი = Archeion : XVII _bკრებული / _cსარედაქციო საბჭოს თავმჯ : მაია ივანიშვილი ; რედ : თამაზ ფუტკარაძე. |
||
| 264 |
_aთბილისი : _bუნივერსალი, _c2018. |
||
| 300 |
_a112 გვ .: _cილ ; _b26 სმ. |
||
| 653 | _aისტორია | ||
| 700 |
_a ივანიშვილი, მაია _eსარედაქციო საბჭოს თავმჯდომარე _92694 |
||
| 700 |
_aფუტკარაძე, თამაზ _eრედაქტორი _956 |
||
| 710 |
_aაჭარის ავტონომური რესპუბლიკის განათლების, კულტურისა და სპორტის საქვეუწყებო დაწესებულება _92695 |
||
| 710 |
_a- საარქივო სამმართველო _92695 |
||
| 942 |
_2udc _cBK |
||